Statistics for Most Popular NBA Players Ever

Click here to take the quiz!

General Stats

  • This quiz has been taken 152 times
  • The average score is 16 of 20

Answer Stats

TeamPlayer% Correct
Cleveland CavaliersLeBron James
99%
Chicago BullsMichael Jordan
99%
Golden State WarriorsStephen Curry
98%
Los Angeles LakersKobe Bryant
96%
Boston CelticsLarry Bird
91%
Los Angeles LakersShaquille O'Neal
87%
Oklahoma City ThunderKevin Durant
85%
Los Angeles LakersMagic Johnson
85%
Dallas MavericksDirk Nowitzki
83%
Los Angeles LakersKareem Abdul-Jabbar
82%
Miami HeatDwyane Wade
79%
Golden State WarriorsWilt Chamberlain
79%
Los Angeles LakersJerry West
76%
Houston RocketsHakeem Olajuwon
75%
Philadelphia 76ersAllen Iverson
72%
Boston CelticsBill Russell
70%
Philadelphia 76ersJulius Erving
69%
Phoenix SunsCharles Barkley
67%
Sacramento KingsOscar Robertson
60%
Los Angeles LakersGeorge Mikan
27%

Score Distribution

Percentile by Number Answered

Percent of People with Each Score

Your Score History

You have not taken this quiz